00000000nam##2200000za#4500
0019.573850
003CaOODSP
00520210624183910
007cr |||||||||||
008150406|1993||||xxc|||||o    f|0| 0 eng|d
022 |a1488-5379
040 |aCaOODSP|beng
043 |an-cn---
0861 |aFs97-6/1928E-PDF
1101 |aCanada. |bDepartment of Fisheries and Oceans.
24510|aTiming, location and volume of herring spawn deposition at Fisherman's Bank, Prince Edward Island, 1987-1990 / |h[electronic resource]|cby David K. Cairns ... [et al].
260 |aMoncton - New Brunswick : |bFisheries and Oceans Canada |cJune 1993.
300 |a68p.|bfigs., graphs, maps, references, tables
4901 |aCanadian technical report of fisheries and aquatic sciences|x1488-5379|vNo. 1928
500 |aThe catalogue number (Fs97-6/1928E) and ISSN (0706-6457) for the print edition have been incorrectly copied in this electronic publication.
546 |a(Résumé en français)
590 |a12-22-Supp|b2012-05-24
7201 |aCairns, David K.
7760#|tTiming, location, and volume of herring spawn deposition at Fisherman's Bank, Prince Edward Island, 1987-1990 / |w(CaOODSP)9.610966
830#0|aCanadian technical report of fisheries and aquatic sciences,|x1488-5379|vNo. 1928|w(CaOODSP)9.504449
85640|ahttp://publications.gc.ca|qPDF|s1.78 MB|uhttps://publications.gc.ca/collections/collection_2012/mpo-dfo/Fs97-6-1928-eng.pdf|yNo. 1928